Curso de botánica /

Guardado en:
Autor Principal: Dembo, Adolfo
Formato: Libro
Publicado: Buenos Aires : Cesarini, 1956
Edición:18a. ed.
Materias:
Etiquetas: Agregar Etiqueta
Sin Etiquetas, Sea el primero en etiquetar este registro!
LEADER 00848nam a22001815a 4500
001 CEM.cems002052
005 20060215000000.0
008 130507s1956##################000#0#####d
003 CEMS
082 0 4 |a 580 
100 1 |a Dembo, Adolfo 
245 1 0 |a Curso de botánica /  |c Adolfo Dembo 
250 |a 18a. ed. 
260 |a Buenos Aires :  |b Cesarini,  |c 1956 
300 |a 334 p. 
505 0 |a El riego en el mundo y en la Argentina.- Necesidades de riego en cultivos. - El agua en el suelo.- Oportunidad, cantidad de agua a aplicar y eficiencia del riego.- Métodos de riego.- ....- Tuber¡as, canales y equipos de bombeo.- Nivelaci¢n de tierras para riego.- Alternativas de proyecto de una finca bajo riego.- Evaluaci¢n del riego en fincas. - El drenaje en tierras regadas 
653 |a Botanica 
859 |a CEMS  |b BIB. CEMS - 11 de abril  |h 580  |i D393a18  |p 5929.77  |t Ej.1